Southville International School and Colleges
Your cart is empty.
  • Cart
  • Lists
    Public lists Eva Luna New books Lux_list list_1
    Your lists Log in to create your own lists
  • Log in to your account
  • Your cookies
  • Search history
Southville International School and Colleges
  • Advanced search
  • Recent comments
  • Most popular
  • Libraries

Log in to your account

Log in with GOOGLE


If you do not have an external account, but do have a local account, you can still log in:

  1. Home
  2. MARC view: Producing /
Normal view MARC view ISBD view

Producing / (Record no. 283624)

[ view plain ]
MARC details
000 -LEADER
fixed length control field 00913cam a2200289 i 4500
001 - CONTROL NUMBER
control field 17611560
003 - CONTROL NUMBER IDENTIFIER
control field PILC
005 - DATE AND TIME OF LATEST TRANSACTION
control field 20150226140131.0
008 - FIXED-LENGTH DATA ELEMENTS--GENERAL INFORMATION
fixed length control field 130122s2012 enka 001 0 eng
010 ## - LIBRARY OF CONGRESS CONTROL NUMBER
LC control number 2012551619
020 ## - INTERNATIONAL STANDARD BOOK NUMBER
International Standard Book Number 9781908150622 (paperback)
040 ## - CATALOGING SOURCE
Original cataloging agency DLC
Language of cataloging eng
Transcribing agency DLC
Description conventions rda
042 ## - AUTHENTICATION CODE
Authentication code pcc
050 00 - LIBRARY OF CONGRESS CALL NUMBER
Classification number PN 1995.9.P7
Item number .M24 2012
100 1# - MAIN ENTRY--PERSONAL NAME
Personal name Macnab, Geoffrey,
Dates associated with a name 1965-
245 10 - TITLE STATEMENT
Title Producing /
Statement of responsibility, etc Geoffrey Macnab & Sharon Swart.
260 ## - PUBLICATION, DISTRIBUTION, ETC. (IMPRINT)
Place of publication, distribution, etc Lewes, East Sussex :
Name of publisher, distributor, etc Ilex,
Date of publication, distribution, etc c2012.
300 ## - PHYSICAL DESCRIPTION
Extent 192 pages :
Other physical details illustrations (some color) ;
Dimensions 26 cm.
490 0# - SERIES STATEMENT
Series statement Filmcraft
500 ## - GENERAL NOTE
General note Includes index.
521 ## - TARGET AUDIENCE NOTE
Target audience note Media Arts
650 #0 - SUBJECT ADDED ENTRY--TOPICAL TERM
Topical term or geographic name as entry element Motion pictures
General subdivision Production and direction.
650 #0 - SUBJECT ADDED ENTRY--TOPICAL TERM
Topical term or geographic name as entry element Motion picture producers and directors.
906 ## - LOCAL DATA ELEMENT F, LDF (RLIN)
a 7
b cbc
c origres
d 3
e ncip
f 20
g y-gencatlg
942 ## - ADDED ENTRY ELEMENTS (KOHA)
Source of classification or shelving scheme Library of Congress Classification
Koha item type Books
Holdings
Withdrawn status Lost status Source of classification or shelving scheme Damaged status Home library Current library Shelving location Date acquired Source of acquisition Sub Shelving location Total Checkouts Full call number Barcode Date last seen Price effective from Koha item type
    Library of Congress Classification   College Library College Library Reserve Section 02/26/2015 Library Fund     PN 1995.9.P7 .M24 2012 C19106 05/15/2018 02/26/2015 Books

Producing /

APA

Macnab G., . (2012). Producing. Lewes, East Sussex: Ilex.

Chicago

Macnab Geoffrey, . 2012. Producing. Lewes, East Sussex: Ilex.

Harvard

Macnab G., . (2012). Producing. Lewes, East Sussex: Ilex.

MLA

Macnab Geoffrey, . Producing. Lewes, East Sussex: Ilex. 2012.

  • Place hold
  • Print
  • Cite
  • Add to your cart (remove)
  • Save record
    BIBTEX Dublin Core MARCXML MARC (non-Unicode/MARC-8) MARC (Unicode/UTF-8) MARC (Unicode/UTF-8, Standard) MODS (XML) RIS
  • More searches
    Search for this title in:
    Other Libraries (WorldCat) Other Databases (Google Scholar) Online Stores (Bookfinder.com) Open Library (openlibrary.org)

Exporting to Dublin Core...

SOUTHVILLE LIBRARY

Southville International School and Colleges Library

1281 Tropical Ave. Cor. Luxembourg St., BF Homes International, Las Pinas City

Tel. No. 8256374 / 252358 Loc. 117/146

Powered by Koha